000 00737nam a2200229Ia 4500
003 OSt
005 20230614134119.0
008 210423s2011 xx 000 0 und d
020 _a978-81-265-3272-8
040 _cAL
041 _aeng
082 _a543.0871 RILP
100 _aRILEY (Tom);TOMLINSON (Colin)
_9106009
245 _aPrinciples of electroanalytical methoods: analytical chemistry by open learning
_cJAMES (Arthur M)
260 _aNew York
_bWiley India Pvt Ltd
_c2011
300 _axv,252p
_bPB
365 _b549
_cINR
650 _aAnalytical Chemistry
_9106010
650 _aChemistry
_9106011
906 _aanalytical ; chemistry ; electroanalytical ; learning ; methoods: ; open ; Principles
942 _2ddc
_cBK
999 _c166466
_d166466